00926nam a2200265 i 4500003000900000005001700009007000300026008004100029020001500070040003000085100004100115245004800156264004000204300003400244336002700278337003400305338002800339500006400367500004400431590002700475910001400502942001400516952011300530999001700643DO-SdBNP20250702101800.0ta240917s1993 xxu 000 f spa d a0446364800 aDO-SdBNPbspacBNPHUerda1 aDeMille, Nelsond1943-eautor98660014aThe general´s daughter / cNelson DeMille 1aNueva York : bWarner books,c1993. a464, 14 páginas, c18 cm. 2rdacontentatextobtxt 2rdamediaasin mediación bn 2rdacarrieravolumenbnc aIncluye datos biografícos del autor en la contraportada.  aAutor más vendido del New York Times. aInventariado, 2024/ YL aYLockward 2ddccLBS1 00102ddc56708GRaBNPHUbBNPHUcCTd2024-09-17l0oBNPHU GR D381p2024-5382r2024-09-17w2024-09-17yLBS1 c57705d57705